000 00464cam a22001337a 4500
008 180718b1965 xxu||||| |||| 00| 0 eng d
082 _aT3942x42 In2/PFV/1963
100 _aIndia. Tariff Commission
245 _aReport on prices of preserved fruits and vegetables, Bombay, 1963
_cby Tariff Commission, India
260 _aDelhi
_bThe Manager of Publications
_c1965
300 _a80+p.
500 _aChairman: K.R.P. Aiyangar
700 _aAiyangar, K.R.P. (Chairman)
999 _c489815
_d489815